000 01902nam a2200433 i 4500
003 EG-GICUC
005 20260121101650.0
008 260105s1931 fr c|||fr|||| 001 0 fre d
040 _aEG-GiCUC
_bfre
_cEG-GiCUC
_dEG-GiCUC
_eRda
041 _afre
082 0 4 _221
_a341.1
_bRE
092 0 4 _221
099 _aLaw1 11 341.1 RE 1931
245 0 0 _aRecueil Des Cours.
_n1930, Tome 32.
264 1 _aParis :
_bHachette,
_c1931
300 _a839 pages :
_bportraits ;
_c24 cm.
336 _2rda contenu
_a texte
337 _2rda medias
_aOrdinateur
338 _2 transporteur rda
_a Ressource en ligne
490 0 _aAcadémie de droit international ;
_v1930, t 32.
500 _a1930 II.
500 _aAt head of title: Académie de droit international.
504 _aIncludes bibliographical references and index.
505 _aContient les cours de l'Académie y compris :
_tRègles générales du droit de la paix /
_rpar Charles Dupuis --
_tL'inviolabilité des traités /
_rpar Michel de Taube --
_tLa doctrine de Monroe dans son développement historique particulièrement en ce qui concerne les relations interamericaines /
_rpar Camilo Barcia Trelles --
_tL'intervention en droit international moderne /
_rpar Pitman B. Potter --
_tLa contribution de l'Amérique latine au développement du droit international public et privé /
_rpar J.-M. Yepes.
546 _aTexte en français
650 1 4 _ainternational law
_2qrmak
650 1 4 _aÉtats souverains
_2qrmak
650 1 4 _aNationalism
_2qrmak
651 1 _2qrmak
700 1 _aDupuis, Charles,
_eAuteur
700 1 _aTaube, M. A,
_eAuteur
700 1 _aBarcia Trelles, Camilo,
_eAuteur
700 1 _aPotter, Pitman B.
_eAuteur
700 1 _aYepes, Jesús María
_eAuteur
710 _aAcadémie De Droit International
856 4 0 _uhttps://fll.law.cu.edu.eg/fulltext/bks/B11-06777.pdf
905 _a75
942 _2ddc
_n0
_cBK
_e21
999 _c54701
_d54701